Tablice Rejestracyjne Województwa Kujawsko-Pomorskiego - Statystyki

Ogólne statystyki
  • Ten quiz został rozwiązany 121 razy
  • Średni wynik to 22 z 23
Statystyki odpowiedzi
Powiat Tablica Rejestracyjna % Poprawnych
Bydgoszcz CB
100%
brodnicki CBR
99%
Grudziądz CG
99%
Włocławek CW
99%
bydgoski CBY
98%
grudziądzki CGR
98%
lipnowski CLI
98%
radziejowski CRA
98%
sępoleński CSE
98%
Toruń CT
98%
aleksandrowski CAL
97%
inowrocławski CIN
97%
nakielski CNA
97%
rypiński CRY
97%
świecki CSW
97%
toruński CTR
97%
tucholski CTU
97%
chełmiński CCH
96%
golubsko-dobrzyński CGD
96%
mogileński CMG
96%
wąbrzeski CWA
96%
włocławski CWL
96%
żniński CZN
96%
Nie znaleziono quizów pasujących do podanych kryteriów
Rozkład punktacji
Procent ludzi z każdym wynikiem
Percentyl według liczby udzielonych odpowiedzi
Twoja historia wyników
Nie rozwiązałeś tego quizu